000 nam a22 7a 4500
999 _c10168
_d10168
008 180212b ||||| |||| 00| 0 eng d
100 _aGupta,R.K.
_96172
245 _aFunctional English
260 _aNew Delhi
_bLakshmi
_c2012